Dzielnice Rybnika - Statystyki

Ogólne statystyki
  • Ten quiz został rozwiązany 25 razy
  • Średni wynik to 15 z 25
Statystyki odpowiedzi
Hint Odpowiedź % Poprawnych
C Chwałowice
86%
O Ochojec
82%
Ś Śródmieście
82%
B Boguszowice Stare
77%
C Chwałęcice
73%
G Gotartowice
73%
N Niedobczyce
73%
G Golejów
68%
L Ligota
68%
M Maroko-nowiny
68%
B Boguszowice Osiedle
64%
M Meksyk
64%
N Niewiadom
64%
P Paruszowiec-piaski
64%
K Kamień
59%
O Orzepowice
59%
Z Zebrzydowice
59%
Z Zamysłów
55%
G Grabownia
45%
K Kłokocin
45%
S Smolna
45%
R Radziejów
41%
R Rybnicka kuźnia
41%
R Rybnik-północ
36%
P Popielów
32%
Nie znaleziono quizów pasujących do podanych kryteriów
Rozkład punktacji
Procent ludzi z każdym wynikiem
Percentyl według liczby udzielonych odpowiedzi
Twoja historia wyników
Nie rozwiązałeś tego quizu